00397nam a2200157Ia 4500003000400000005001700004008004000021040001000061041000800071082001000079100002500089245006400114260003500178300001100213650001500224OSt20220331151225.0210210b1914 xxu||||| |||| 00| 0 eng d aALc  aeng a020/2 aUNIVERSITY OF MADRAS aAuthor catalogue of the library of the University of Madras aMadrasbGovernment Pressc1914 avi,546 aUniversity